| 000 | 00497nam a2200157Ia 4500 | ||
|---|---|---|---|
| 008 | 170221s9999 xx 000 0 und d | ||
| 100 | _aMuhammad Khalil Khan | ||
| 245 | _aAnchorperson: An Emerging Phenomenon in the Electronic Media | ||
| 245 | _cMuhammad Khalil Khan, Farish Ullah Yousafzai | ||
| 260 | _bOnline Journal of Communication and Media Technologies | ||
| 260 | _c2013 | ||
| 300 | _a33 : 4 | ||
| 650 | _xCommunication | ||
| 650 | _xMedia Arts | ||
| 856 | _uhttp://www.ojcmt.net/ | ||
| 999 |
_c311023 _d311023 |
||